000 00350nam a2200133Ia 4500
008 240624s9999 xx 000 0 und d
041 _aeng
082 _a338.04019 MIT
100 _aMITCHELL J ROBERT
245 _aHANDBOOK OF ENTREPRENEURIAL COGNITION
260 _c2014
_aLondon
_bEdward Elgar
300 _axiv, 516 p.; 23 cm.
365 _cBPS
_b33
999 _c32261
_d32261